Sheltered housing for the economically disadvantaged elderly
Gespeichert in:
| 1. Verfasser: | |
|---|---|
| Format: | Buch |
| Sprache: | Englisch |
| Veröffentlicht: |
Jerusalén
Brookdale Institute of gerontology and Adult human Development in Israel
1985
|
| Schriftenreihe: | Executive Summary
|
| Schlagworte: | |
| Tags: |
Tag hinzufügen
Keine Tags, Fügen Sie den ersten Tag hinzu!
|
MARC
| LEADER | 00000nam a2200000 a 4500 | ||
|---|---|---|---|
| 001 | UCZ8491 | ||
| 003 | CL-VaPUC | ||
| 008 | 960121e19850000IS |||||||||||||||||eng|d | ||
| 082 | 0 | 4 | |a 362.6 |b SHT |2 21 |
| 100 | 0 | |a Shtarkshal, Miriam |e author |9 353808 | |
| 245 | 1 | 0 | |a Sheltered housing for the economically disadvantaged elderly |
| 300 | |a 17 p | ||
| 942 | |c BK | ||
| 945 | |d 19960121 00:00:00 |a cmena | ||
| 260 | |a Jerusalén |b Brookdale Institute of gerontology and Adult human Development in Israel |c 1985 | ||
| 650 | 0 | |a Vejez |9 307287 | |
| 650 | 0 | |a Ancianos |9 307293 | |
| 650 | 0 | |a Problemas sociales |9 258537 | |
| 650 | 0 | |a Bienestar social |9 255298 | |
| 650 | 0 | |a Vivienda |9 258662 | |
| 650 | 7 | |a NECESIDADES |2 CL-VaPUC |9 353810 | |
| 583 | |a last modification |c 19960121 00:00:00 |k Rodrigo Vera | ||
| 490 | 0 | |a Executive Summary | |
| 999 | |c 244373 |d 244371 | ||
| 952 | |0 0 |1 0 |4 0 |6 362_600000000000000_SHT_1985 |7 0 |8 P |9 258414 |a BIBEDU |b BIBEDU |c BIBEDU_PB |d 2019-11-19 |i 161715K |o 362.6 SHT 1985 |p 161715K |r 2024-01-25 |w 2019-11-19 |y BK |k EDU | ||